| 000 | 00633nam a22001817a 4500 | ||
|---|---|---|---|
| 999 |
_c14898 _d14898 |
||
| 003 | OSt | ||
| 082 | _2631.3 AMR/DE | ||
| 088 | _aP 368 | ||
| 100 |
_aAMRUTHA K _aANJANA S.R _aRINJU LUKOSE _93951 |
||
| 245 | _aDevelopment and Testing of Arduino Based Profilemeter | ||
| 260 |
_aTavanu 2017 _bDepartment of Farm Power Machinery and Energy |
||
| 300 | _a100 | ||
| 500 | _aDevelopment and Testing of Arduino Based Profilemeter | ||
| 520 | _aDevelopment and Testing of Arduino Based Profilemeter | ||
| 700 |
_aEr. Shivaji K.P (Guide) _93477 |
||
| 856 | _uhttps://drive.google.com/open?id=1B83qsGCt99fb0q42zW53q3kvE8WiCKqV | ||
| 942 | _cPR | ||